Jsem odhodlaný /
Dvě novely ze světa dystopie Jsem roztříštěná, vyprávěné z pohledu Adama a Warnera.
Uloženo v:
| Série: | Roztříštěná,
část 3,5 |
|---|---|
| Hlavní autor: | |
| Další autoři: | |
| Médium: | Kniha |
| Jazyk: | Czech |
| Vydáno: |
Praha :
Euromedia Group,
2026
|
| Vydání: | Vydání první |
| Edice: | Yoli
|
| Témata: | |
| Celkem bylo vypůjčeno: | 0x |
| Příbuzné jednotky: | Z cyklu::
Roztříštěná |
| Tagy: |
Žádné tagy |
| LEADER | 02332nam a2200541 i 4500 | ||
|---|---|---|---|
| 001 | 106257 | ||
| 003 | CZ PrNK | ||
| 005 | 20260506081026.0 | ||
| 007 | ta | ||
| 008 | 260428s2026 xr d 000 j cze | ||
| 015 | |a cnb003754697 | ||
| 020 | |a 9788028413378 |q (brožováno) | ||
| 040 | |a ABG001 |b cze |e rda | ||
| 041 | 1 | |a cze |h eng | |
| 072 | 7 | |a 821.111(73)-3 |x Americká próza |2 Konspekt |9 25 | |
| 072 | 7 | |a 821-93 |x Literatura pro děti a mládež (beletrie) |2 Konspekt |9 26 | |
| 080 | |a 821.111(73)-32 |2 MRF | ||
| 080 | |a 821-93-053.67 |2 MRF | ||
| 080 | |a 821-93 |2 MRF | ||
| 080 | |a (0:82-313.2) |2 MRF | ||
| 100 | 1 | |a Mafi, Tahereh, |d 1988- |7 ola2013752205 |4 aut |9 21903 | |
| 240 | 1 | 0 | |a Unite me. |l Česky |
| 245 | 1 | 0 | |a Jsem odhodlaný / |c Tahereh Mafi ; z anglického originálu Unite me ... přeložila Pavla Kubešová |
| 250 | |a Vydání první | ||
| 264 | 1 | |a Praha : |b Euromedia Group, |c 2026 | |
| 300 | |a 173 stran ; |c 20 cm | ||
| 336 | |a text |b txt |2 rdacontent | ||
| 337 | |a bez média |b n |2 rdamedia | ||
| 338 | |a svazek |b nc |2 rdacarrier | ||
| 490 | 1 | |a Yoli | |
| 520 | 2 | |a Dvě novely ze světa dystopie Jsem roztříštěná, vyprávěné z pohledu Adama a Warnera. |b Warner přišel o Juliette. Nejenže mu utekla, dokonce ho i postřelila. Se ztrátou Juliette se musí vypořádat i Adam, který se mezitím připravuje na bitvu, v níž může přijít o život. Oba jsou odhodlaní nejen dosáhnout svých cílů, ale také získat Juliette zpátky... Nakladatelská anotace. | |
| 521 | 8 | |a Pro čtenáře od 13 let | |
| 655 | 7 | |a americké novely |7 fd131792 |2 czenas |9 24 | |
| 655 | 7 | |a antiutopické romány |7 fd1151354 |2 czenas | |
| 655 | 7 | |a literatura young adult |7 fd1185572 |2 czenas |9 114939 | |
| 655 | 7 | |a publikace pro mládež |7 fd133157 |2 czenas |9 110 | |
| 655 | 9 | |a American novellas |2 eczenas | |
| 655 | 9 | |a dystopian novels |2 eczenas | |
| 655 | 9 | |a young adult literature |2 eczenas | |
| 655 | 9 | |a juvenile literature |2 eczenas | |
| 700 | 1 | |a Kubešová, Pavla, |d 1969- |7 xx0039531 |4 trl |9 114333 | |
| 710 | 2 | |a Euromedia Group |7 kn20100114009 |4 pbl |9 117126 | |
| 787 | 0 | 8 | |i Z cyklu: |t Roztříštěná |g 3,5 |
| 830 | 0 | |a Yoli | |
| 910 | |a UOG502 | ||
| 942 | |2 ddc |c KN | ||
| 999 | |d 106257 | ||
| 993 | |0 0 |1 421180106981 |2 ddc |4 0 |7 0 |9 99616 |b 0 |c 106981 |d 2026-05-06 |e 0 |f DOSP |h 349.00 |i Koupě |l DOSP |r 2026-05-06 |t 6 |w 2026-05-06 |y KN |z BELETM |n | ||